000 00401 a2200121 4500
040 _aDLC
_bDLC
082 _a004.6 HAM
100 _aHammad Khalid Khan
245 _aComputer Networks, Lectures 01-45 (08 CD's) CS-610
_cHammad Khalid Khan
260 _aLahore
_bVirtual University
_c2005
500 _aLecture # 01-06, 07-12, 13-18, 19-24, 25-30, 31-36, 37-41, 42-45 (08 CD's)
942 _cCD
_k004.6 HAM
_2ddc
999 _c9685
_d9685